000 00439nam a22001697a 4500
003 CEME
005 20210628202327.0
008 210309b xxu||||| |||| 00| 0 eng d
020 _a0-13-678533-6
040 _c.
082 _a005.13 PRA'P
100 _aZelkowitz, M. V Pratt, T. W
_959354
245 _aProgramming languages design and implementation
260 _aNEWJERSY
_bPRENTICE-HALL
_c1996
300 _a654P
942 _cBK
_2ddc
999 _c569362
_d569362